GRIHASTHA YOGI (Record no. 27675)

MARC details
000 -LEADER
fixed length control field 00280nam a22001337a 4500
003 - CONTROL NUMBER IDENTIFIER
control field SGT
082 ## - DEWEY DECIMAL CLASSIFICATION NUMBER
Classification number 050
Item number G23S
100 ## - MAIN ENTRY--PERSONAL NAME
Personal name SHARAN, SANJAY
245 ## - TITLE STATEMENT
Title GRIHASTHA YOGI
260 ## - PUBLICATION, DISTRIBUTION, ETC. (IMPRINT)
Place of publication, distribution, etc INDIA
Name of publisher, distributor, etc D.K. PRESS PUB
Year of Publication 2023
300 ## - PAGE DESCRIPTION
No. of Pages 132
650 ## - SUBJECT ADDED ENTRY--TOPICAL TERM
Topical term or geographic name as entry element GENERAL BOOKS
942 ## - ADDED ENTRY ELEMENTS (KOHA)
Source of classification or shelving scheme Dewey Decimal Classification
Koha item type Books
Holdings
Withdrawn status Lost status Source of classification or shelving scheme Damaged status Not for loan Collection code Home library Current library Shelving location Date acquired Vendor Name Cost, normal purchase price SGTU Full call number Accession No. (Barcode) Date last seen Bill Date Koha item type Total Checkouts
    Dewey Decimal Classification   Not For Loan NURSING SGT Medical Library SGT Medical Library Text Book 23/11/2024 COMP 500.00 SGTU 050 G23S FN5911 23/11/2024 23/11/2024 Books  
    Dewey Decimal Classification     NURSING SGT Medical Library SGT Medical Library Text Book 23/11/2024 COMP 500.00 SGTU 050 G23S FN5912 23/11/2024 23/11/2024 Books  
    Dewey Decimal Classification     NURSING SGT Medical Library SGT Medical Library Text Book 23/11/2024 COMP 500.00 SGTU 050 G23S FN5913 23/11/2024 23/11/2024 Books  
    Dewey Decimal Classification     NURSING SGT Medical Library SGT Medical Library Text Book 23/11/2024 COMP 500.00 SGTU 050 G23S FN5914 23/11/2024 23/11/2024 Books  
    Dewey Decimal Classification     NURSING SGT Medical Library SGT Medical Library Text Book 23/11/2024 COMP 500.00 SGTU 050 G23S FN5915 23/11/2024 23/11/2024 Books